2022 NFL Mock Draft (1st Round) - Statistics

General Stats
  • This quiz has been taken 291 times
  • The average score is 16 of 32
Answer Stats
# Team Player College Position % Correct
6 Giants Aidan Hutchinson Michigan DE
90%
3 Jets Derek Stingley Jr. LSU CB
77%
25 Steelers Kenny Pickett Pittsburgh QB
76%
11 Falcons Malik Willis Liberty QB
73%
4 Jaguars Evan Neal Alabama OL
72%
17 Bengals Ahmad Gardner Cincinnati CB
71%
23 Chiefs Chris Olave Ohio State WR
71%
1 Lions Kayvon Thibodeaux Oregon DE
71%
5 Eagles Kyle Hamilton Notre Dame S
71%
16 Browns Garrett Wilson Ohio State WR
70%
21 Saints Jameson Williams Alabama WR
67%
9 WFT Matt Corral Ole Miss QB
63%
14 Broncos Jordan Davis Georgia DL
58%
27 Lions Drake London USC WR
56%
20 Chargers Treylon Burks Arkansas WR
53%
7 Jets Ikem Ekwonu NC State OT
49%
32 Packers Jahan Dotson Penn State WR
48%
12 Dolphins Charles Cross Mississippi State OL
46%
2 Texans George Karlaftis Purdue DE
46%
24 Buccaneers Devin Lloyd Utah LB
44%
31 Titans Nakobe Dean Georgia LB
44%
8 Giants Tyler Linderbaum Iowa OL
44%
29 Bills Kaiir Elam Florida CB
41%
22 Patriots Trent McDuffie Washington CB
41%
10 Eagles Andrew Booth Jr. Clemson CB
40%
19 Panthers Trevor Penning Northern Iowa OL
38%
18 Raiders Kenyon Green Texas A&M OL
34%
15 Eagles DeMarvin Leal Texas A&M DL
25%
13 Vikings Drake Jackson USC LB
23%
30 Cardinals Derion Kendrick Georgia CB
14%
26 Ravens Darian Kinnard Kentucky OT
13%
28 Cowboys Kingsley Enagbare South Carolina LB
7%
No matching quizzes found
Score Distribution
Percent of People with Each Score
Percentile by Number Answered
Your Score History
You have not taken this quiz